Un programa educativo para la familia popular
Sábháilte in:
| Príomhchruthaitheoirí: | , |
|---|---|
| Formáid: | LEABHAR |
| Teanga: | Spáinnis |
| Foilsithe / Cruthaithe: |
Santiago
CIDE
1979
|
| Sraith: | Documentos de trabajo, 2
|
| Ábhair: | |
| Clibeanna: |
Cuir clib leis
Níl clibeanna ann, Bí ar an gcéad duine le clib a chur leis an taifead seo!
|
MARC
| LEADER | 00000nam a2200000 a 4500 | ||
|---|---|---|---|
| 001 | UCW5155 | ||
| 003 | CL-VaPUC | ||
| 008 | 901211e19790000CL |||||||||||||||||spa|d | ||
| 082 | 0 | 4 | |a 370.194 |b TOR |2 21 |
| 100 | 0 | |a Torres, Lilia |e author |9 310045 | |
| 700 | 0 | |a Walker, Horacio |e author |9 310046 | |
| 245 | 1 | 3 | |a Un programa educativo para la familia popular |
| 300 | |a 74 p | ||
| 942 | |c BK | ||
| 945 | |d 19901211 00:00:00 | ||
| 260 | |a Santiago |b CIDE |c 1979 | ||
| 650 | 7 | |a EDUCACION NO FORMAL |2 CL-VaPUC |9 308640 | |
| 650 | 0 | |a Educación para la vida familiar |9 307821 | |
| 650 | 0 | |a Educación popular |9 308964 | |
| 583 | |a last modification |c 19901211 00:00:00 |k Rodrigo Vera | ||
| 490 | 0 | |a Documentos de trabajo, 2 | |
| 999 | |c 218657 |d 218655 | ||
| 952 | |0 0 |1 0 |4 0 |6 370_194000000000000_TOR_1979 |7 0 |8 P |9 208554 |a BIBEDU |b BIBEDU |c BIBEDU_PB |d 2019-11-15 |i 2764385 |o 370.194 TOR 1979 |p 2764385 |r 2024-01-25 |w 2019-11-15 |y BK |k EDU | ||